| 000 | 00839nmc a2200313 a 4500 | ||
|---|---|---|---|
| 003 | AR-BaBNM | ||
| 005 | 20251128210114.0 | ||
| 008 | 269019s1995 ||||||||||||||000 | spa|| | ||
| 020 | _a84-493-0124-6 | ||
| 040 | _cAR-BaBNM | ||
| 100 | 1 | _aHoward, Vernon A. | |
| 245 | 1 | 0 | _aPensemos juntos |
| 250 | _a1ª ed. | ||
| 260 |
_aBarcelona _bEdiciones Paidós Ibérica _c1995 |
||
| 300 | 0 | _a178 p. | |
| 490 | 0 |
_aPaidós empresa _v40 |
|
| 500 | 0 | _aContiene índice analítico p. 169-178 | |
| 504 | _aContiene bibliografía p. 167-168 | ||
| 650 | 4 | _aEDUCACION PERMANENTE | |
| 650 | 4 | _aEMPRESARIOS | |
| 650 | 4 | _aDISCUSION EN GRUPO | |
| 650 | 4 | _aCONDUCTA DEL GRUPO | |
| 650 | 4 | _aLIDERAZGO | |
| 653 | 0 | _aCAPACITACION LABORAL | |
| 653 | 0 | _aCOORDINACION DE GRUPOS | |
| 700 | 1 | _aBarton, James H. | |
| 942 | _cBK | ||
| 998 | _cRaquel | ||
| 999 |
_c14061 _d14061 |
||